[Event "Val Maubuee op"]
[Site "Val Maubuee"]
[Date "1989.??.??"]
[Round "?"]
[White "Dauris, Jean Marc"]
[Black "Prevot, Emmanuel"]
[Result "1-0"]
[WhiteElo "1880"]
[BlackElo "2200"]
[PlyCount "73"]
[EventDate "1989.04.??"]
[EventType "swiss"]
[EventRounds "9"]
[EventCountry "FRA"]
[SourceTitle "TD"]
[Source "ChessBase"]
[SourceDate "1994.03.01"]
[SourceVersion "1"]
[SourceVersionDate "1994.03.01"]
[SourceQuality "1"]

1. d4 c5 2. d5 Nf6 3. c4 d6 4. Nc3 g6 5. e4 Bg7 6. f3 e5 7. Be3 a6 8. Bd3 Nbd7 9. Nge2 Rb8 10. Qd2 0-0 11. 0-0 Nh5 12. a3 f5 13. b4 b6 14. Rab1 Rb7 15. Rb2 Ndf6 16. bxc5 bxc5 17. Rxb7 Bxb7 18. exf5 gxf5 19. Bxf5 Bc8 20. Be4 Rf7 21. Rb1 Nd7 22. Nd1 Kh8 23. Nf2 Bf6 24. Ng4 Nf8 25. Nh6 Rg7 26. Ng3 Nxg3 27. hxg3 Qc7 28. Kf2 Bd8 29. Nf5 Rf7 30. Qc2 Nd7 31. Nh6 Rg7 32. Rh1 Nf6 33. Bf5 Ng8 34. Bxc8 Qxc8 35. Nf5 Bg5 36. Bxg5 Rxg5 37. Ne7 1-0